00912nabaa22001697a 4500003000400000005001700004008004100021040000700062100003100069245010100100300001300201505027900214505008900493650002700582650001300609773012000622OSt20260122223239.0190701b xxu||||| |||| 00| 0 spa d cPJ aCalviño, María Teresa 13aEl principio de la buena administración en pandemia y pospandemia /cMaría Teresa Calviño. ap. 16-21 aSumario: I. Introducción.— II. El principio de buena administración.— III. El contexto.— IV. El impacto en la Administración.— V. Im- plementación de trámites remotos.— VI. El impacto en la tramitación de títulos universitarios.— VII. Conclusiones. t¿Te interesa el texto completo? Comunicate al correo: koha@justierradelfuego.gov.ar 0aDERECHO ADMINISTRATIVO 0aPANDEMIA0 02842dBuenos Aires : AbeledoPerrot, 2012-oDA121tDerecho administrativo. Nº 149 septiembre/octubre 2023z18510590